000 00354nam a2200121Ia 4500
003 GCL
008 140319s9999 xx 000 0 ara d
040 _aGCL /
_cGCL
082 0 4 _aط
_b372.52
_bش ك
100 1 _aشركة رشاد برس
245 1 0 _aكتابى الثالث /
_cشركة رشاد برس
490 _aسلسلة التلوين للصغار
_v0
999 _c51215
_d51215